Statistics for Languages in Spanish

Click here to take the quiz!

General Stats

  • This quiz has been taken 10 times
  • The average score is 28 of 35

Answer Stats

EnglishSpanish% Correct
GermanAlemán
100%
Mandarin ChineseChino Mandarín
100%
SpanishEspañol
100%
FrenchFrancés
100%
EnglishInglés
100%
ItalianItaliano
100%
JapaneseJaponés
100%
RussianRuso
100%
TurkishTurco
100%
ArabicÁrabe
88%
BengaliBengalí
88%
CantoneseCantonés
88%
KoreanCoreano
88%
Haitian CreoleCriollo Haitiano
88%
GuaraniGuaraní
88%
HindiHindi
88%
MaoriMaorí
88%
DutchNeerlandés
88%
PortuguesePortugués
88%
TagalogTagalo
88%
ThaiTailandés
88%
UrduUrdu
88%
YorubaYoruba
88%
ZuluZulu
88%
GreekGriego
75%
QuechuaQuechua
75%
Serbo-CroatianSerbocroata
75%
FinnishFinés
63%
IndonesianIndonesio
63%
HawaiianHawaiano
50%
PolishPolaco
50%
SwedishSueco
50%
VietnameseVietnamita
50%
BurmeseBirmano
38%
SwahiliSuajili
25%

Score Distribution

Percentile by Number Answered

Percent of People with Each Score

Your Score History

You have not taken this quiz